Click Actors' First Name #5 - Statistics

General Stats
  • This quiz has been taken 586 times
  • The average score is 17 of 20
Answer Stats
Hint Answer % Correct
Pacino Al
95%
Blanchett Cate
94%
Culkin Macaulay
93%
Grant Hugh
92%
Maguire Tobey
92%
Evans Chris
90%
Ruffalo Mark
90%
Cruz Penelope
90%
Banderas Antonio
89%
Goldblum Jeff
89%
Fanning Dakota
87%
Schwimmer David
85%
Larson Brie
84%
Allen Tim
82%
Kingsley Ben
81%
Moore Julianne
78%
Freeman Martin
76%
Heston Charlton
72%
Favreau Jon
65%
Wright Letitia
51%
No matching quizzes found
Score Distribution
Percent of People with Each Score
Percentile by Number Answered
Your Score History
You have not taken this quiz